000 00691nam a2200145Ia 4500
008 100204s9999 xx 000 0 und d
082 _b25718
100 _aसुरवाडे विजय संपादक
245 _aडॉ.आंबेडकरांची निवडक भाषणे भाग 1 ला 1920 ते 1936
260 _bलोकवाङ्मय गृह
_c2002
300 _a228
630 _aडॉ.आंबेडकरांची निवडक भाषणे भाग 1 ला 1920 ते 1936
730 _aडॉ.आंबेडकरांची निवडक भाषणे भाग 1 ला 1920 ते 1936
942 _cBOOK
999 _c470898
_d470895